Taylor Swift - The Tortured Poets Department (Lyrics) - Statistics

General Stats
  • This quiz has been taken 162 times
  • The average score is 327 of 380
Answer Stats
Answer % Correct
a
100%
at
100%
At
100%
I
100%
my
100%
the
100%
to
100%
"Who
100%
Who
100%
who
100%
Who,
100%
You
100%
you?
100%
you
100%
your
100%
Department
99%
department
99%
me?
99%
me
99%
Me
99%
Poets
99%
poets
99%
Tortured
99%
tortured
99%
apartment
98%
from
98%
gonna
98%
Gonna
98%
hold
98%
left
98%
typewriter
98%
who's
98%
Who's
98%
Like
97%
like
97%
Straight
97%
We
97%
we
97%
be
95%
No,
94%
No-
94%
You're
94%
"You're
94%
you're
94%
so
93%
So
93%
then
93%
this
93%
This
93%
and
92%
And
92%
anyway?"
91%
love
91%
not
91%
if
90%
uses
90%
say
89%
of
88%
typewriters
88%
where
88%
I'm
86%
in
86%
said,
86%
said
86%
we're
86%
mode
85%
on
85%
know
84%
put
84%
some
84%
body
83%
Hotel,
83%
it
83%
Smith
83%
ain't
82%
But
82%
Chelsea
82%
idiots"
82%
idiots
82%
never
82%
fucking-
81%
things
81%
Thomas,
81%
Dylan
80%
I've
80%
modern
80%
think
80%
Patti
79%
seen
79%
that
79%
head,
78%
head
78%
is
78%
artist
77%
Charlie
77%
nobody
77%
Nobody
77%
Puth
77%
bigger
76%
else
76%
golden
76%
self-
76%
should
76%
with
76%
chocolate
75%
asleep
74%
ate
74%
declared
74%
seven
74%
bars
73%
fall
73%
sabotage
73%
tattooed
73%
up
73%
ever
72%
one
72%
kill
71%
leave
71%
retriever
71%
you'd
71%
yourself
71%
Jack
70%
smoked
70%
told
70%
decodes
68%
Lucy
68%
felt
67%
off
67%
ring
67%
screw
67%
wonder
66%
come
65%
face
65%
scratch
65%
finger
64%
it's
64%
middle
64%
show
64%
still
64%
wedding
64%
People
63%
rings
63%
that's
63%
take
61%
tell
61%
about
60%
down
60%
heart
60%
Sometimes
60%
closest
59%
dinner,
59%
episode
59%
laughed
59%
road
58%
why
58%
crazy
57%
exploding
57%
had
57%
meant
57%
cyclone
54%
two
54%
Everyone
53%
Because
52%
Throwing
52%
chose
51%
understands
51%
spikes
47%
nails
44%
ooh?
44%
undone
44%
awaken
43%
pounding
41%
dread,
39%
troll
38%
read
33%
No matching quizzes found
Score Distribution
Percent of People with Each Score
Percentile by Number Answered
Your Score History
You have not taken this quiz